000 00325nam a2200133Ia 4500
005 20251222155101.0
008 251222s9999||||xx |||||||||||||| ||spa||
082 _aPED. 13.1
100 _aRADDA BARNEN.
245 0 _aEducación En Salud - Educación Inicial
250 _a1ra. ed.
264 _bRadda Barnen
942 _cLIB
999 _c37664
_d37664